000 00989nam a2200289 i 4500
001 000005855
003 DO-SdBNP
005 20230824154445.0
007 ta
008 090824s1991 dr 001 0 spa d
040 _aDO-SdBNP
_bspa
_cBNPHU
_erda
082 4 _a344.729301
_bH557d
_222
100 _aHernández Rueda, Lupo,
_d1930-2017
_923790
_eautor
245 1 4 _aLos derechos del trabajador /
_cLupo Hernández Rueda.
264 _aSanto Domingo :
_bTaller,
_c1991.
300 _a224 páginasrdac ;
_c21 cm.
336 _2rdacontent
_atexto
_btxt
337 _2rdamedia
_asin mediación
_bnc
338 _2rdacarrier
_avolumen
_bn
500 _aIncluye datos biográficos del autor en la contracubierta.
590 _aInventariado, 2018/VM
650 4 _aDerecho laboral
_zRepública Dominicana
_97337
650 4 _aDerecho de los trabajadores
_zRepública Dominicana
_916516
650 4 _aLegislacion laboral
_916517
910 _aValidado. Control de calidad EMS.
942 _2ddc
_cLBS1
999 _c5651
_d5651